000 00952nmm a2200301 a 4500
001 ocm000602055
003 TR-IsHL
005 20201028124654.0
008 130902s2011 tu tur
007 cr cn
020 _a9789944979559
035 _a602055
_b(N$T)
050 0 4 _aPN1995.9.S6
_bŞ46 2011
090 0 4 _aPN1995.9.S6
_bŞ46 2011
100 1 _aŞentürk, Rıdvan
245 1 0 _aPostmodern kaos ve sinema
_h[electronic resource] /
_cRıdvan Şentürk
250 _a1. bs.
260 _aİstanbul :
_bAvrupa Yakası Yayınları,
_c2011
300 _a528 p.
650 4 _aMedya ve İletişim
650 4 _aCommunication & Media
650 0 _aSinema
_x Sosyal yönü
650 0 _aMotion pictures
_x Social aspects
650 0 _aPostmodernizm
650 0 _aPostmodernism
650 7 _aPERFORMING ARTS / General
_2bisacsh
856 4 0 _uhttp://search.ebscohost.com/login.aspx?direct=true&scope=site&db=e011xww&AN=602055
999 _c3075
_d3075